Giáo trình tin học phổ cập học đường

में बचाया:
ग्रंथसूची विवरण
मुख्य लेखक: Nguyễn, Tiến
स्वरूप: पुस्तक
भाषा:Undetermined
प्रकाशित: Hà Nội Thống Kê 2004
विषय:
टैग : टैग जोड़ें
कोई टैग नहीं, इस रिकॉर्ड को टैग करने वाले पहले व्यक्ति बनें!
Thư viện lưu trữ: Trung tâm Học liệu Trường Đại học Cần Thơ
LEADER 00573nam a2200193Ia 4500
001 CTU_64585
008 210402s9999 xx 000 0 und d
020 |b 29000 
082 |a 005.3 
082 |b T305/T.1 
100 |a Nguyễn, Tiến 
245 0 |a Giáo trình tin học phổ cập học đường 
245 0 |c Nguyễn Tiến, Nguyễn Văn Hoài 
260 |a Hà Nội 
260 |b Thống Kê 
260 |c 2004 
650 |a Word ( computer programs ) 
904 |i Minh 
980 |a Trung tâm Học liệu Trường Đại học Cần Thơ